000
00285nam a2200121Ia 4500
008
191201s1970 xx 000 0 und d
100
_a
KOTHARI,LS
245
0
_a
Basic Physical and Chemical Data
260
_a
N. Delhi
_b
E.W.P
_c
1970
300
_a
98
650
_a
Applied
942
_2
ddc
_c
BK
999
_c
615
_d
615